000
00301nam a22000977a 4500
008
230313b |||||||| |||| 00| 0 eng d
040
_a
National Science Library
_c
National Science Library
245
_a
Skyways
260
_a
Bombay:
_b
Aeronautical Publications of India Private Limited,
_c
1976
942
_c
CR
999
_c
7896
_d
7896